<?xml version="1.0" encoding="UTF-8"?>
<record
    xmlns:xsi="http://www.w3.org/2001/XMLSchema-instance"
    xsi:schemaLocation="http://www.loc.gov/MARC21/slim http://www.loc.gov/standards/marcxml/schema/MARC21slim.xsd"
    xmlns="http://www.loc.gov/MARC21/slim">

  <leader>01072nam a22002417a 4500</leader>
  <controlfield tag="005">20210126231029.0</controlfield>
  <controlfield tag="008">210126b        sp ||||| |||| 00| 0 spa d</controlfield>
  <datafield tag="020" ind1=" " ind2=" ">
    <subfield code="a">8479140348</subfield>
  </datafield>
  <datafield tag="050" ind1="0" ind2="4">
    <subfield code="a">BX4700.L7</subfield>
    <subfield code="b">S25 1991</subfield>
  </datafield>
  <datafield tag="245" ind1="0" ind2="0">
    <subfield code="a">San Ignacio de Loyola :</subfield>
    <subfield code="b">Obras. Edici&#xF3;n manual /</subfield>
    <subfield code="c">transcripci&#xF3;n, introducciones y notas de Ignacio Iparraguirre, S.I., Candido de Dalmases, S.I.y Manuel Ru&#xED;z Jurado, S:I.</subfield>
  </datafield>
  <datafield tag="246" ind1=" " ind2="3">
    <subfield code="a">Obras de San Ignacio de Loyola.</subfield>
  </datafield>
  <datafield tag="250" ind1=" " ind2=" ">
    <subfield code="a">5a edici&#xF3;n revisada y corregida</subfield>
  </datafield>
  <datafield tag="260" ind1=" " ind2=" ">
    <subfield code="a">Espa&#xF1;a :</subfield>
    <subfield code="b">Biblioteca de autores cristianos,</subfield>
    <subfield code="c">1991</subfield>
  </datafield>
  <datafield tag="300" ind1=" " ind2=" ">
    <subfield code="a">xviii, 1157 p&#xE1;ginas ;</subfield>
    <subfield code="c">20 cm</subfield>
  </datafield>
  <datafield tag="600" ind1="1" ind2="7">
    <subfield code="2">lemb</subfield>
    <subfield code="a">Ignacio,</subfield>
    <subfield code="c">Loyola, Santo</subfield>
    <subfield code="d">1491-1556. </subfield>
  </datafield>
  <datafield tag="610" ind1="2" ind2="7">
    <subfield code="2">lemb</subfield>
    <subfield code="a">Jesuitas</subfield>
  </datafield>
  <datafield tag="650" ind1=" " ind2="7">
    <subfield code="2">lemb</subfield>
    <subfield code="a">Monasticismo y ordenes religiosas </subfield>
    <subfield code="x">Reglas</subfield>
  </datafield>
  <datafield tag="650" ind1=" " ind2="7">
    <subfield code="2">lemb</subfield>
    <subfield code="a">Ejercicios espirituales</subfield>
    <subfield code="x">Obras anteriores a 1800</subfield>
  </datafield>
  <datafield tag="700" ind1="1" ind2=" ">
    <subfield code="a">Iparraguirre, Ignacio, </subfield>
    <subfield code="e">traductor, introducci&#xF3;n y notas</subfield>
  </datafield>
  <datafield tag="700" ind1="1" ind2=" ">
    <subfield code="a">Dalmases, C&#xE1;ndido de, </subfield>
    <subfield code="e">traductor, introducci&#xF3;n y notas</subfield>
  </datafield>
  <datafield tag="700" ind1="1" ind2=" ">
    <subfield code="a">Ruiz Jurado, Manuel,</subfield>
    <subfield code="e">traductor, introducci&#xF3;n y notas</subfield>
  </datafield>
  <datafield tag="942" ind1=" " ind2=" ">
    <subfield code="2">lcc</subfield>
    <subfield code="c">LIB</subfield>
  </datafield>
  <datafield tag="999" ind1=" " ind2=" ">
    <subfield code="c">155129</subfield>
    <subfield code="d">155127</subfield>
  </datafield>
  <datafield tag="952" ind1=" " ind2=" ">
    <subfield code="1">0</subfield>
    <subfield code="2">lcc</subfield>
    <subfield code="4">0</subfield>
    <subfield code="7">0</subfield>
    <subfield code="a">INV-033</subfield>
    <subfield code="b">INV-033</subfield>
    <subfield code="c">CONSULTA</subfield>
    <subfield code="d">2021-01-26</subfield>
    <subfield code="f">5a edici&#xF3;n</subfield>
    <subfield code="i">H</subfield>
    <subfield code="k">EH</subfield>
    <subfield code="l">0</subfield>
    <subfield code="o">BX4700.L7 S25 1991</subfield>
    <subfield code="p">IIH000030513</subfield>
    <subfield code="r">2021-01-26 00:00:00</subfield>
    <subfield code="t">C:1</subfield>
    <subfield code="v">1.00</subfield>
    <subfield code="y">LIB</subfield>
  </datafield>
</record>
